000 00340nam a2200145Ia 4500
008 230718s9999 xx 000 0 und d
041 _aEng.
082 _a324.24
_bTHO-T
100 _aThompson, wellie
245 4 _aThe good del Canse
260 _aPakistan
_bCambridge unity Press
_c1992
300 _a258
650 _aLaw
999 _c26503
_d26503